• 首页
  • 本馆介绍
  • 公告通知
  • 最新文献
  • 馆藏检索
  • 电子资源
  • 读者导购
  • 参考咨询
  • 我的图书馆
  • 登录
  • 详细信息显示
  • 放入我的书架
  • 预约/预借图书
  • 作者相关作品
  • 分类相关作品
  • 丛书相关作品
  • 出版社相关作品

书目信息

  • 表格格式
  • 工作单格式
  • 卡片格式
题名:
大学物理实验
    
 
作者: 石仁斌 , 宋德祝 主编
分册:  
出版信息: 北京   北京邮电大学出版社  2018
页数: 201页
开本: 26cm
丛书名:
单 册:
中图分类: O4-33
科图分类:
主题词: 物理学--wu li xue--实验--高等学校--教材
电子资源:
ISBN: 978-7-5635-5367-9
000 01080nam0 2200277 450
001 012001002808
005 20140101163230.0
010    @a978-7-5635-5367-9@dCNY35.00
099    @aCAL 012018095798
100    @a20180730d2018 em y0chiy50 ea
101 0  @achi
102    @aCN@b110000
105    @aak a 000yy
106    @ar
200 1  @a大学物理实验@Ada xue wu li shi yan@f主编石仁斌, 宋德祝
210    @a北京@c北京邮电大学出版社@d2018
215    @a201页@c图@d26cm
300    @a“十三五”普通高等教育规划教材
320    @a有书目
330    @a本书共分六章, 共29个实验。第一章主要介绍了有关误差理论和数据处理方面的内容; 第二章至第六章共选编了29个有关力学、热学、电磁学、光学和近代物理学等方面的实验。本书在内容上, 对基础实验侧重对基本实验现象的深入分析, 对综合性、设计性和研究性实验侧重学生科学实验能力、创新精神和科研素养的培训和训练。
606 0  @a物理学@Awu li xue@x实验@x高等学校@j教材
690    @aO4-33@v5
701  0 @a石仁斌@Ashi ren bin@4主编
701  0 @a宋德祝@Asong de zhu@4主编
801  0 @aCN@b北京卓展@c20191020
905    @b1204443-5@dO4-33@e1006@f3
    
    大学物理实验/主编石仁斌, 宋德祝.-北京:北京邮电大学出版社,2018
    201页:图;26cm
    “十三五”普通高等教育规划教材
    
    ISBN 978-7-5635-5367-9:CNY35.00
    本书共分六章, 共29个实验。第一章主要介绍了有关误差理论和数据处理方面的内容; 第二章至第六章共选编了29个有关力学、热学、电磁学、光学和近代物理学等方面的实验。本书在内容上, 对基础实验侧重对基本实验现象的深入分析, 对综合性、设计性和研究性实验侧重学生科学实验能力、创新精神和科研素养的培训和训练。
●
相关链接 在E读中查询图书 在五车中查询图书 在当当中查询图书 在豆瓣中查询图书


正题名:大学物理实验     索取号:O4-33/1006         预约/预借

序号 登录号 条形码 馆藏地/架位号 状态 备注
1 1204443   212044438   第二样本阅览室/ [索取号:O4-33/1006] 在馆    
2 1204444   212044447   第三借阅区/ [索取号:O4-33/1006] 在馆    
3 1204445   212044456   第三借阅区/ [索取号:O4-33/1006] 在馆    
唐山师范学院图书馆 欢迎您!
大连网信软件有限公司© 版权所有